000 02089nam a2200349 i 4500
005 20250616114801.0
008 250616s2022 ii a br 000 1 tam d
020 _a9789395776585
_cRM7.00
_qpaperback
040 _aPPAK
_beng
_cPPAK
_erda
041 1 _atam
_aeng
082 0 4 _223
_a894.8113
090 0 0 _a894.8113
_bELA
_dK
100 1 _aElango, Ko. Ma. Ko.,
_eauthor.
245 1 0 _6880-01
_aPiskeṭ paṭṭāmpūcci =
_bBUTTERFLY COOKIE /
_cKo.Ma.Ko.Elango ; Illustrator: T. N. Rajan
250 _aMutal patippu
264 1 _aCeṉṉai :
_bPuks K̲apār Cilraṉ,
_c2022
300 _a24 pages :
_billustrations (black and white) ;
_c22 cm
336 _atext
_2rdacontent
337 _aunmediated
_2rdamedia
338 _avolume
_2rdacarrier
490 1 _aCiṟār iru moḻik kataikaḷ
500 _aChildren's stories
520 _a"பார்த்தாலே தித்திக்கும் பட்டர் பிஸ்கெட். மாவும், நெய்யும், சீனியும் கலந்து செய்த பிஸ்கெட், காற்றில் பறக்குமா? தோட்டத்தில் சுற்றும் பிஸ்கெட் பட்டாம்பூச்சி தேன் குடிக்குமா? சுஜிதா வீட்டிலிருந்த பிஸ்கெட் எங்கே? வாசிக்க வாசிக்க பிஸ்கெட்டும் கதையும் ருசிக்கும் பாருங்கள்!"-- Back cover
546 _aIn Tamil and English
650 1 0 _aChildren's stories, Tamil
650 2 0 _aButterflies
_vJuvenile fiction
650 2 0 _aGirls
_vJuvenile fiction
700 1 _aRajan, T.N.,
_eillustrator.
830 0 _aCiṟār iru moḻik kataikaḷ
880 _6245-01/$1
_aபிஸ்கெட் பட்டாம்பூச்சி / கொ. மா. கோ. இளங்கோ ; ஓவியம், டி. என். ராஜன்
942 _2ddc
_cB
999 _c199779
_d199779